| 000 | 01322nam a22002177a 4500 | ||
|---|---|---|---|
| 001 | 121261 | ||
| 008 | 141222s2020 xxk|||||o|||| 00| 0 eng d | ||
| 041 | _aeng | ||
| 110 | _aRoyal Institution of Chartered Surveyors | ||
| 245 |
_aRecommendations on the future regulation of the Building Control Sector and Profession in England _h[Electronic resource] |
||
| 260 |
_aLondon, _bRoyal Institution of Chartered Surveyors, _c2020 |
||
| 300 | _a157p | ||
| 520 | _aPublished by RICS on behalf of the Future of Building Control Working Group. Leadership organisations from across the building control sector, including RICS, CABE, CIOB, put forward 11 key recommendations for the future oversight and regulation of the profession and Building Control Bodies in England. Recommendations include a new competence framework to cover all persons working in building control. | ||
| 650 | _aBUILDING CONTROL | ||
| 650 | _aBUILDING SAFETY | ||
| 651 | _aUnited Kingdom | ||
| 690 |
_96222 _aBuilding control |
||
| 710 | _aRoyal Institution of Chartered Surveyors | ||
| 856 |
_uhttp://web.archive.org/web/20220121073656/https://www.rics.org/globalassets/rics-website/media/upholding-professional-standards/sector-standards/building-surveying/future-of-building-control.pdf _zAvailable on the web archive |
||
| 942 | _n0 | ||
| 999 |
_c121261 _d121261 |
||